[Event "CAN op"]
[Site "Calgary CAN"]
[Date "2023.07.29"]
[Round "9.14"]
[White "Doknjas, Neil"]
[Black "Marchand, Calix"]
[Result "1-0"]
[WhiteElo "2297"]
[BlackElo "2101"]
[PlyCount "69"]
[EventDate "2023.07.22"]
[EventType "swiss"]
[EventRounds "10"]
[EventCountry "CAN"]

1. d4 Nf6 2. c4 e6 3. Nc3 Bb4 4. f3 c5 5. d5 b5 6. e4 d6 7. a3 Ba5 8. Bd3 Nbd7
9. Nge2 Ne5 10. dxe6 bxc4 11. exf7+ Kxf7 12. Bc2 Ba6 13. O-O Rb8 14. Nf4 Re8
15. Qd2 Qe7 16. Rd1 Red8 17. Qf2 Nc6 18. Nfd5 Qe6 19. f4 Bxc3 20. f5 Qe5 21.
bxc3 Nxe4 22. Qf3 Re8 23. Bf4 Qxf5 24. Re1 Ne5 25. Qxe4 Qxe4 26. Bxe4 Rb3 27.
Nc7 Re7 28. Nxa6 Rb6 29. Bd5+ Kf6 30. Bxe5+ Rxe5 31. Bxc4 d5 32. Rxe5 Kxe5 33.
Nxc5 Kd6 34. Na4 Rc6 35. Bb5 1-0

[Event "CAN op"]
[Site "Calgary CAN"]
[Date "2023.07.29"]
[Round "9.15"]
[White "Haessel, Dale"]
[Black "He, Matthew"]
[Result "1-0"]
[WhiteElo "2201"]
[BlackElo "2140"]
[PlyCount "75"]
[EventDate "2023.07.22"]
[EventType "swiss"]
[EventRounds "10"]
[EventCountry "CAN"]

1. d4 Nf6 2. c4 e6 3. Nc3 Bb4 4. f3 c5 5. d5 O-O 6. e4 b5 7. Bd2 bxc4 8. Bxc4
Bb7 9. Nge2 Bxc3 10. Bxc3 Nxd5 11. Bxd5 exd5 12. exd5 Qg5 13. d6 Qh4+ 14. Ng3
Re8+ 15. Kf2 Nc6 16. Qd5 Nb4 17. Qxb7 Rab8 18. Qxd7 Nd3+ 19. Kg1 Qg5 20. Nf1 h5
21. h4 Qg6 22. Kh2 Re2 23. Ng3 Rxg2+ 24. Kxg2 Nf4+ 25. Kh2 Qc2+ 26. Ne2 Nxe2
27. Rhg1 Nxg1+ 28. Kxg1 Qg6+ 29. Kh2 Qc2+ 30. Kh3 Qd3 31. Kg3 Qg6+ 32. Kf2 Qc2+
33. Ke3 Qh2 34. Qe7 Rxb2 35. Bxb2 Qxb2 36. Rd1 Qa3+ 37. Kf2 Qxa2+ 38. Qe2 1-0

[Event "CAN op"]
[Site "Calgary CAN"]
[Date "2023.07.29"]
[Round "9.16"]
[White "Li, Adam"]
[Black "Vasic, Maxim"]
[Result "0-1"]
[WhiteElo "1988"]
[BlackElo "2200"]
[PlyCount "58"]
[EventDate "2023.07.22"]
[EventType "swiss"]
[EventRounds "10"]
[EventCountry "CAN"]

1. e4 e5 2. Nf3 Nc6 3. Bc4 Bc5 4. c3 Nf6 5. d3 d6 6. Nbd2 O-O 7. h3 d5 8. Bb5
Qe7 9. Bxc6 bxc6 10. Qe2 Ba6 11. c4 Rfe8 12. O-O Nh5 13. Rd1 Nf4 14. Qf1 Rad8
15. g3 Ne6 16. a3 dxe4 17. dxe4 Ng5 18. b4 Nxf3+ 19. Nxf3 Bxc4 20. Bg5 Qe6 21.
Qe1 Rxd1 22. Rxd1 Bb6 23. Kg2 f5 24. Qc3 fxe4 25. Nxe5 Bd5 26. Ng4 e3+ 27. f3
Bxf3+ 28. Kxf3 e2 29. Kf4 Qe4# 0-1

[Event "CAN op"]
[Site "Calgary CAN"]
[Date "2023.07.29"]
[Round "9.17"]
[White "Yang, Ryan"]
[Black "Zhu, Brandon"]
[Result "1/2-1/2"]
[WhiteElo "2217"]
[BlackElo "2084"]
[PlyCount "103"]
[EventDate "2023.07.22"]
[EventType "swiss"]
[EventRounds "10"]
[EventCountry "CAN"]

1. e4 e6 2. d4 d5 3. e5 c5 4. c3 Nc6 5. Nf3 Bd7 6. Na3 cxd4 7. cxd4 Bxa3 8.
bxa3 Qa5+ 9. Qd2 Qxd2+ 10. Bxd2 Nge7 11. Bd3 O-O 12. Rb1 b6 13. O-O Rac8 14.
Rfc1 f6 15. exf6 gxf6 16. Re1 Kg7 17. h4 h5 18. a4 Ng6 19. Rb3 Rfe8 20. Bc3 Kf7
21. g3 Rc7 22. Kg2 Rg8 23. Kh2 Nge7 24. Ng1 Na5 25. Bxa5 bxa5 26. f4 Bxa4 27.
Ra3 Bc2 28. Be2 Bg6 29. Rxa5 Nf5 30. Ra4 Nxg3 31. Bf3 Nf5 32. Kh3 Rb8 33. Ne2
Rb2 34. Ng3 Nxg3 35. Kxg3 Rb6 36. Re3 Kg7 37. Rea3 Rbb7 38. Ra6 Re7 39. Re3 Bf7
40. Re1 f5 41. Rg1 Rb2 42. Rg2 Rxg2+ 43. Kxg2 Rc7 44. Kf2 Kf8 45. Be2 Ke7 46.
Ra3 Be8 47. Ke3 Kf6 48. Kf2 Rb7 49. Rb3 Rc7 50. Re3 Rb7 51. Rb3 Rc7 52. Ra3
1/2-1/2

[Event "CAN op"]
[Site "Calgary CAN"]
[Date "2023.07.29"]
[Round "9.18"]
[White "Moses, Neil"]
[Black "Sasata, Robert"]
[Result "1/2-1/2"]
[WhiteElo "1985"]
[BlackElo "2306"]
[PlyCount "74"]
[EventDate "2023.07.22"]
[EventType "swiss"]
[EventRounds "10"]
[EventCountry "CAN"]

1. e4 e5 2. Nf3 Nc6 3. Bb5 a6 4. Ba4 Nf6 5. O-O Be7 6. Re1 b5 7. Bb3 O-O 8. c3
d5 9. exd5 Nxd5 10. Nxe5 Nxe5 11. Rxe5 c6 12. d4 Bd6 13. Re1 Qh4 14. g3 Qh3 15.
Qf3 Bg4 16. Qg2 Qh5 17. Be3 Rae8 18. Nd2 Re7 19. Bd1 Bxd1 20. Raxd1 Rfe8 21.
Nf1 f5 22. Bd2 f4 23. g4 Qg6 24. Rxe7 Rxe7 25. Qf3 Qc2 26. Re1 Rxe1 27. Bxe1 g6
28. g5 Qxb2 29. Qg4 Kf7 30. Qd7+ Be7 31. Qxc6 Qxa2 32. Nd2 b4 33. Nf3 Nxc3 34.
Ne5+ Kf8 35. Qc8+ Kg7 36. Qd7 Kf8 37. Qc8+ Kg7 1/2-1/2

[Event "CAN op"]
[Site "Calgary CAN"]
[Date "2023.07.29"]
[Round "9.19"]
[White "Taylor, Ashton"]
[Black "Kostadinov, Georgi"]
[Result "1/2-1/2"]
[WhiteElo "1969"]
[BlackElo "2203"]
[PlyCount "107"]
[EventDate "2023.07.22"]
[EventType "swiss"]
[EventRounds "10"]
[EventCountry "CAN"]

1. d4 d5 2. c4 c6 3. Nf3 Nf6 4. Nc3 a6 5. e3 Bf5 6. Ne5 g6 7. Qb3 Ra7 8. c5
Nfd7 9. e4 Nxe5 10. exf5 Ng4 11. Bd3 Bg7 12. h3 Nh6 13. fxg6 hxg6 14. Be3 Nd7
15. f4 Ng4 16. Bg1 e5 17. fxe5 Qh4+ 18. Kf1 Qg3 19. Ne2 Ne3+ 20. Bxe3 Qxe3 21.
Bc2 Qh6 22. g3 b6 23. cxb6 Rb7 24. Qc3 Rxb6 25. b4 O-O 26. Kg2 Rfb8 27. a3 Nf8
28. Rhf1 Qg5 29. h4 Qd8 30. Nf4 a5 31. e6 f5 32. Rfe1 Bf6 33. Rab1 axb4 34.
Rxb4 Be7 35. Rxb6 Rxb6 36. Rb1 Rxb1 37. Bxb1 Qd6 38. a4 Nxe6 39. Nxg6 Bf6 40.
Bxf5 Nxd4 41. Qd3 c5 42. Nf4 c4 43. Bh7+ Kf8 44. Qg6 Ke7 45. Bg8 Kd7 46. Nxd5
Be5 47. Qf7+ Kd8 48. Bh7 Ne6 49. Be4 c3 50. Qg8+ Kd7 51. a5 c2 52. Qf7+ Kd8 53.
Qg8+ Kd7 54. Qf7+ 1/2-1/2

[Event "CAN op"]
[Site "Calgary CAN"]
[Date "2023.07.29"]
[Round "9.20"]
[White "Sharma, Vishruth"]
[Black "Bulga, Tamir"]
[Result "1-0"]
[WhiteElo "2198"]
[BlackElo "1961"]
[PlyCount "91"]
[EventDate "2023.07.22"]
[EventType "swiss"]
[EventRounds "10"]
[EventCountry "CAN"]

1. e4 c5 2. Nf3 e6 3. d3 Nc6 4. g3 Nf6 5. Bg2 Be7 6. O-O d5 7. Nbd2 O-O 8. Re1
b5 9. e5 Nd7 10. Nf1 Bb7 11. h4 Re8 12. N1h2 Qb6 13. h5 d4 14. h6 g6 15. Ng4 c4
16. Ng5 Bxg5 17. Bxg5 cxd3 18. cxd3 Nb4 19. Be4 Nd5 20. Qf3 f5 21. exf6 Kf7 22.
Bf4 Rac8 23. Ne5+ Nxe5 24. Bxe5 Rc2 25. Qg4 Rd8 26. Bxd4 Qd6 27. Be5 Qc5 28. d4
Qc6 29. Qg5 Rc4 30. Qd2 Rc8 31. g4 a6 32. f4 Qd7 33. g5 Nb4 34. b3 Bxe4 35.
bxc4 Rxc4 36. Rxe4 Qc6 37. Qg2 Nd5 38. Re2 b4 39. Rb1 a5 40. Rbb2 Rc3 41. Rbc2
Qc4 42. Qe4 Qb5 43. Bd6 Qd7 44. Qe5 Rg3+ 45. Kh2 Rg4 46. Qxd5 1-0

[Event "CAN op"]
[Site "Calgary CAN"]
[Date "2023.07.29"]
[Round "9.21"]
[White "Rekhson, Vladislav"]
[Black "Yang, Henry"]
[Result "1-0"]
[WhiteElo "2146"]
[BlackElo "1818"]
[PlyCount "75"]
[EventDate "2023.07.22"]
[EventType "swiss"]
[EventRounds "10"]
[EventCountry "CAN"]

1. e4 e5 2. Nf3 Nc6 3. d4 exd4 4. Nxd4 Nf6 5. Nxc6 bxc6 6. Bd3 d5 7. exd5 cxd5
8. O-O Be7 9. c4 d4 10. Bg5 O-O 11. Nd2 c5 12. Bxf6 Bxf6 13. Qh5 g6 14. Qxc5
Be6 15. Ne4 Be7 16. Qe5 Bf5 17. Rad1 Bxe4 18. Bxe4 Bf6 19. Qg3 Rb8 20. Qa3 Re8
21. Bf3 Qc7 22. c5 Be7 23. b4 a5 24. Rxd4 axb4 25. Rxb4 Bxc5 26. Rxb8 Bxa3 27.
Rxe8+ Kg7 28. g3 Qc4 29. Re2 h5 30. h4 Kh6 31. Rd1 Bc5 32. Kg2 f6 33. Rd7 f5
34. Re8 Bd4 35. Ree7 Qg8 36. Rxd4 Qxa2 37. Rdd7 Qg8 38. Bxh5 1-0

[Event "CAN op"]
[Site "Calgary CAN"]
[Date "2023.07.29"]
[Round "9.22"]
[White "Heran-Boily, Samuel"]
[Black "Nguyen, Kim"]
[Result "1/2-1/2"]
[WhiteElo "1936"]
[BlackElo "2145"]
[PlyCount "120"]
[EventDate "2023.07.22"]
[EventType "swiss"]
[EventRounds "10"]
[EventCountry "CAN"]

1. e4 c5 2. Nf3 d6 3. Bc4 Nf6 4. d3 e6 5. O-O Nc6 6. Re1 a6 7. Bb3 Na5 8. Nbd2
Be7 9. Nf1 O-O 10. Ng3 b5 11. c3 Nxb3 12. Qxb3 Bb7 13. a4 Bc6 14. axb5 axb5 15.
Bf4 Ra4 16. Rxa4 bxa4 17. Qc2 Qa8 18. c4 Rd8 19. Nd2 Nd7 20. Nb1 Qb7 21. Nc3
Rb8 22. Nxa4 Qb3 23. Qxb3 Rxb3 24. Nc3 Rxb2 25. Nge2 g5 26. Bg3 h5 27. h3 Nb6
28. Rb1 Rxb1+ 29. Nxb1 Na4 30. Kf1 h4 31. Bh2 Nb2 32. Nc1 Ba4 33. Ke2 f5 34.
Nc3 Bc6 35. f3 Kf7 36. Nb3 Ke8 37. Kd2 Na4 38. Na5 Nxc3 39. Nxc6 Na2 40. Nxe7
Kxe7 41. exf5 exf5 42. g3 hxg3 43. Bxg3 f4 44. Bf2 Nb4 45. Kc3 Nc6 46. d4 cxd4+
47. Bxd4 Ke6 48. Kd3 Kf5 49. Bg7 Nd8 50. Bf8 Nf7 51. Ke2 Ke6 52. c5 dxc5 53.
Bxc5 Kf5 54. Be7 Ne5 55. Bd8 Nc4 56. h4 g4 57. fxg4+ Kxg4 58. h5 Ne5 59. h6 Nf7
60. h7 Kf5 1/2-1/2

[Event "CAN op"]
[Site "Calgary CAN"]
[Date "2023.07.29"]
[Round "9.23"]
[White "Zhong, April"]
[Black "Aljo, Johan"]
[Result "1-0"]
[WhiteElo "1938"]
[BlackElo "2124"]
[PlyCount "91"]
[EventDate "2023.07.22"]
[EventType "swiss"]
[EventRounds "10"]
[EventCountry "CAN"]

1. e4 c6 2. d4 d5 3. Nc3 dxe4 4. Nxe4 Bf5 5. Ng3 Bg6 6. N1e2 Nf6 7. Nf4 e5 8.
dxe5 Qxd1+ 9. Kxd1 Ng4 10. Nxg6 hxg6 11. Ne4 Nxe5 12. f4 Ng4 13. Be2 Nf6 14.
Ng5 Bc5 15. Bc4 O-O 16. Bd2 b5 17. Bb3 Nbd7 18. Re1 Nb6 19. a4 bxa4 20. Bxa4
Nc4 21. Kc1 Rad8 22. Nf3 Nxd2 23. Nxd2 Rfe8 24. Rxe8+ Rxe8 25. Nf3 Re2 26. Bxc6
Rxg2 27. Ra5 Bb6 28. Rg5 Be3+ 29. Kb1 Rf2 30. Ra5 Nh5 31. f5 g5 32. Re5 Bf4 33.
Re8+ Kh7 34. Re7 g4 35. Nd4 Bxh2 36. Rxf7 Bg1 37. Ne6 g3 38. Be4 Re2 39. Bd3
Re1+ 40. Ka2 Kh6 41. Rf8 Nf6 42. Rh8+ Nh7 43. f6 Rxe6 44. Rxh7+ Kg5 45. fxg7
Re8 46. Rh8 1-0

[Event "CAN op"]
[Site "Calgary CAN"]
[Date "2023.07.29"]
[Round "9.24"]
[White "Zhang, Brian"]
[Black "Wu, Jonathan"]
[Result "1/2-1/2"]
[WhiteElo "1926"]
[BlackElo "2075"]
[PlyCount "107"]
[EventDate "2023.07.22"]
[EventType "swiss"]
[EventRounds "10"]
[EventCountry "CAN"]

1. e4 c5 2. Nf3 d6 3. d4 cxd4 4. Nxd4 Nf6 5. Nc3 a6 6. Bd3 e5 7. Nde2 Be7 8.
O-O O-O 9. Ng3 Nc6 10. Nd5 Nxd5 11. exd5 Nb4 12. Be2 a5 13. c4 f5 14. Bd2 Bd7
15. a3 Na6 16. b4 a4 17. f4 Qb6+ 18. Kh1 exf4 19. Bxf4 Bf6 20. Ra2 Rfe8 21. Qd3
g6 22. Bd1 Re7 23. Re2 Rae8 24. Rfe1 h5 25. Rxe7 Rxe7 26. Rxe7 Bxe7 27. Be3 Qd8
28. Ne2 Bf6 29. Bd4 Bg5 30. Qg3 Be8 31. Nf4 Bh4 32. Qe3 Nc7 33. Bb6 Bf7 34.
Bxa4 Qc8 35. g3 Bg5 36. Bd4 b5 37. Bb3 bxc4 38. Bxc4 Nxd5 39. Bxd5 Bxd5+ 40.
Nxd5 Bxe3 41. Ne7+ Kf7 42. Nxc8 Bxd4 43. Nxd6+ Ke6 44. Nb5 Be3 45. Kg2 f4 46.
gxf4 Bxf4 47. h3 g5 48. Kf3 Kd5 49. Nc3+ Kc4 50. Ne4 Bc1 51. Nf6 g4+ 52. hxg4
hxg4+ 53. Nxg4 Bxa3 54. Ne3+ 1/2-1/2

[Event "CAN op"]
[Site "Calgary CAN"]
[Date "2023.07.29"]
[Round "9.25"]
[White "Liu, Zachary"]
[Black "Ming, Jerry"]
[Result "1-0"]
[WhiteElo "2071"]
[BlackElo "1756"]
[PlyCount "121"]
[EventDate "2023.07.22"]
[EventType "swiss"]
[EventRounds "10"]
[EventCountry "CAN"]

1. e4 c5 2. Nf3 e6 3. d4 cxd4 4. Nxd4 Nc6 5. Nc3 Qc7 6. Be3 a6 7. Qf3 Nf6 8.
O-O-O Ne5 9. Qg3 d6 10. f4 Neg4 11. Bg1 e5 12. Nde2 Nh5 13. Qf3 Nxf4 14. Nxf4
exf4 15. Nd5 Qc6 16. Bb6 Ne3 17. Nc7+ Kd7 18. Bxe3 Kxc7 19. Rd3 Kd8 20. Bxf4
Be6 21. Bxd6 Bxd6 22. e5 Qxf3 23. Rxd6+ Kc7 24. gxf3 Rhd8 25. Rxd8 Rxd8 26. Bd3
Bxa2 27. Bxh7 Bd5 28. Be4 Bxe4 29. fxe4 Re8 30. Rf1 Rxe5 31. Rxf7+ Kc6 32. Rxg7
Rxe4 33. Rg1 Rh4 34. Rh1 Kd5 35. Kd2 Kd4 36. Ke2 Rh3 37. Kf2 Ke4 38. Re1+ Kf4
39. Kg2 Rh7 40. Rf1+ Kg4 41. Rf2 b5 42. Kf1 Rh5 43. Ke2 a5 44. Kd3 Kh3 45. c4
bxc4+ 46. Kxc4 Kg4 47. Kb3 Kh3 48. Ka4 Re5 49. b3 Re3 50. Rf5 Kxh2 51. Rxa5 Kg3
52. Rf5 Re8 53. b4 Ra8+ 54. Ra5 Rb8 55. Rf5 Ra8+ 56. Kb5 Rb8+ 57. Kc4 Kg4 58.
Rf7 Rc8+ 59. Kb5 Rb8+ 60. Kc5 Rc8+ 61. Kb6 1-0

[Event "CAN op"]
[Site "Calgary CAN"]
[Date "2023.07.29"]
[Round "9.26"]
[White "Murali, Dhruv"]
[Black "Singh Dhaliwal, Jaipreet"]
[Result "0-1"]
[WhiteElo "1560"]
[BlackElo "2028"]
[PlyCount "132"]
[EventDate "2023.07.22"]
[EventType "swiss"]
[EventRounds "10"]
[EventCountry "CAN"]

1. b3 Nf6 2. Bb2 g6 3. e3 Bg7 4. d4 O-O 5. Nf3 d6 6. Bd3 Nbd7 7. Nbd2 Re8 8. c4
c6 9. Qc2 e5 10. O-O Qe7 11. dxe5 dxe5 12. e4 Nh5 13. g3 Nc5 14. Kg2 Bg4 15.
Ng1 Nxd3 16. Qxd3 Qg5 17. Ndf3 Qe7 18. h3 Be6 19. Rfe1 Qc7 20. Qe2 a5 21. a4
Rad8 22. Rad1 f6 23. Rxd8 Rxd8 24. Rd1 Bf8 25. Bc3 b6 26. Rd3 Rd7 27. Qd2 Rxd3
28. Qxd3 Ng7 29. Nh2 h5 30. Qf3 Qf7 31. Bd2 Bc5 32. Be3 Bxe3 33. Qxe3 Qb7 34.
Qd3 Qc7 35. Qe3 Bf7 36. Qd3 Ne6 37. Ngf3 Qe7 38. Nd2 Nc5 39. Qe3 Kg7 40. Nhf3
Qd7 41. Ne1 Be6 42. h4 Qd6 43. Nc2 Bg4 44. f3 Be6 45. Ne1 Bd7 46. Kf2 Bh3 47.
Qc3 Bd7 48. Qe3 Kh7 49. Qe2 Qd4+ 50. Qe3 Qb2 51. Ke2 Qa1 52. Nd3 Ne6 53. Ne1
Nd4+ 54. Kf2 Qa2 55. Kf1 Bh3+ 56. Kg1 Be6 57. Kf1 Nxb3 58. Nxb3 Bxc4+ 59. Kg1
Qxb3 60. Qd2 Be6 61. Qd6 Kg7 62. Nd3 Bf7 63. Kg2 Qxa4 64. Kh3 Qc4 65. g4 hxg4+
66. Kxg4 Qe6+ 0-1

[Event "CAN op"]
[Site "Calgary CAN"]
[Date "2023.07.29"]
[Round "9.27"]
[White "Hoekman, Samuel"]
[Black "Mok, Erwin"]
[Result "0-1"]
[WhiteElo "2005"]
[BlackElo "1694"]
[PlyCount "140"]
[EventDate "2023.07.22"]
[EventType "swiss"]
[EventRounds "10"]
[EventCountry "CAN"]

1. d4 d5 2. c4 c6 3. Nf3 Nf6 4. g3 Bf5 5. Bg2 e6 6. O-O Be7 7. Nc3 O-O 8. Qb3
Qb6 9. c5 Qa6 10. Nh4 Bg6 11. Nxg6 hxg6 12. Qc2 b6 13. cxb6 Qxb6 14. Qd1 Nbd7
15. e4 dxe4 16. Nxe4 Nxe4 17. Bxe4 Nf6 18. Bg2 Rad8 19. Qc2 Nd5 20. Qe4 Bf6 21.
Rd1 Ne7 22. Be3 Qxb2 23. a4 Nf5 24. Rab1 Qc3 25. Rbc1 Qb4 26. Qxc6 Nxd4 27. Qa6
Rd6 28. Qf1 Qxa4 29. Kh1 Qd7 30. Bf4 e5 31. Bd2 Rb8 32. Rb1 Nb3 33. Be3 a5 34.
Bh3 Qc7 35. Rxd6 Qxd6 36. Qc4 Nd4 37. Rxb8+ Qxb8 38. Qa2 Qb5 39. Bg2 a4 40. h4
Qb3 41. Qxb3 Nxb3 42. Bd5 Be7 43. Kg2 Kf8 44. Kf3 f6 45. Ke4 Bc5 46. Bxb3 Bxe3
47. Bxa4 Bxf2 48. Kf3 Be1 49. Bb3 Ke7 50. Ba2 f5 51. Bb1 Kf6 52. Kg2 g5 53.
hxg5+ Kxg5 54. Bd3 Kf6 55. Bb5 e4 56. Bc4 g5 57. Bb5 Ke5 58. Bd7 f4 59. gxf4+
gxf4 60. Bg4 Kd4 61. Kf1 Bh4 62. Ke2 Ke5 63. Bh5 Kf5 64. Be8 f3+ 65. Ke3 Bg5+
66. Kf2 Kf4 67. Bb5 e3+ 68. Kf1 Bh4 69. Bd3 Ke5 70. Kg1 e2 0-1

[Event "CAN op"]
[Site "Calgary CAN"]
[Date "2023.07.29"]
[Round "9.28"]
[White "Chandra, Anand Rishi"]
[Black "Karmali, Hafiz"]
[Result "1-0"]
[WhiteElo "2199"]
[BlackElo "1869"]
[PlyCount "53"]
[EventDate "2023.07.22"]
[EventType "swiss"]
[EventRounds "10"]
[EventCountry "CAN"]

1. e4 Nf6 2. e5 Nd5 3. d4 d6 4. Nf3 Bg4 5. exd6 cxd6 6. h3 Bh5 7. Bb5+ Nd7 8.
O-O e6 9. Re1 Be7 10. Nbd2 O-O 11. Bf1 Rc8 12. a3 e5 13. c4 N5f6 14. b4 exd4
15. Qb3 d5 16. c5 Ne4 17. Qxd5 Bxf3 18. Nxf3 Nc3 19. Qxb7 Rc7 20. Qa6 Nb8 21.
Qc4 Bf6 22. Bf4 Rd7 23. c6 Nxc6 24. Qxc6 d3 25. Rac1 Nd5 26. Bd2 Rc7 27. Qb5
1-0

[Event "CAN op"]
[Site "Calgary CAN"]
[Date "2023.07.29"]
[Round "9.29"]
[White "Boehmer, Kris"]
[Black "Hawkshaw, Kevin"]
[Result "1-0"]
[WhiteElo "2142"]
[BlackElo "1840"]
[PlyCount "51"]
[EventDate "2023.07.22"]
[EventType "swiss"]
[EventRounds "10"]
[EventCountry "CAN"]

1. d4 d5 2. c4 c6 3. Nf3 Nf6 4. e3 a6 5. Nbd2 Bf5 6. Be2 e6 7. Nh4 Bg6 8. b3
Bd6 9. Bb2 Nbd7 10. Rc1 Rc8 11. g3 O-O 12. Nxg6 hxg6 13. O-O b5 14. Bf3 bxc4
15. bxc4 Rb8 16. Qc2 Qa5 17. a3 Rb7 18. c5 Be7 19. Bc3 Qc7 20. e4 e5 21. exd5
Nxd5 22. Ba1 Rbb8 23. Bxd5 cxd5 24. c6 Rfc8 25. cxd7 Qxd7 26. Qd3 1-0

[Event "CAN op"]
[Site "Calgary CAN"]
[Date "2023.07.29"]
[Round "9.30"]
[White "Bince, Rolando"]
[Black "Wang, Andy"]
[Result "0-1"]
[WhiteElo "1881"]
[BlackElo "1960"]
[PlyCount "120"]
[EventDate "2023.07.22"]
[EventType "swiss"]
[EventRounds "10"]
[EventCountry "CAN"]

1. e4 e5 2. Nf3 Nc6 3. Bb5 a6 4. Ba4 b5 5. Bb3 Nf6 6. O-O Bc5 7. d3 d6 8. h3 h6
9. c3 O-O 10. Re1 Bb7 11. Nbd2 Re8 12. Nf1 d5 13. Bc2 d4 14. Ng3 dxc3 15. bxc3
b4 16. Bb2 bxc3 17. Bxc3 Nd4 18. Ba4 Bc6 19. Nxd4 Bxa4 20. Qxa4 Bxd4 21. Bxd4
Qxd4 22. Qxd4 exd4 23. Rec1 Rac8 24. Rc6 Nd7 25. f4 Nb8 26. Rc4 c5 27. Rac1 Nd7
28. Ne2 Rb8 29. Kf2 Rb5 30. Kf3 f6 31. h4 g6 32. g3 Reb8 33. R1c2 Kf7 34. Nc1
Ke6 35. Nb3 Kd6 36. Nd2 Nb6 37. a4 Ra5 38. Rb2 Kc7 39. Rc1 Nd7 40. Rxb8 Kxb8
41. Nb3 Rxa4 42. Nxc5 Nxc5 43. Rxc5 Ra3 44. Ke2 Ra2+ 45. Kd1 Ra1+ 46. Rc1 Rxc1+
47. Kxc1 Kc7 48. g4 g5 49. hxg5 hxg5 50. fxg5 fxg5 51. Kb2 Kd6 52. Kb3 Ke5 53.
Kc4 a5 54. Kc5 a4 55. Kb4 Kf4 56. Kxa4 Kxg4 57. Kb3 Kf4 58. Kc2 g4 59. e5 Kxe5
60. Kd2 Kf4 0-1

[Event "CAN op"]
[Site "Calgary CAN"]
[Date "2023.07.29"]
[Round "9.31"]
[White "Douglas, Richard"]
[Black "Deepak, Laksshana"]
[Result "1-0"]
[WhiteElo "1950"]
[BlackElo "1681"]
[PlyCount "83"]
[EventDate "2023.07.22"]
[EventType "swiss"]
[EventRounds "10"]
[EventCountry "CAN"]

1. f4 Nf6 2. Nf3 g6 3. d3 d5 4. e3 Bg7 5. Be2 c5 6. O-O O-O 7. Kh1 Nc6 8. Ne5
Qc7 9. Nxc6 Qxc6 10. a4 b6 11. Bf3 Rd8 12. Nc3 Bb7 13. Qe1 Qc8 14. e4 d4 15.
Ne2 c4 16. Ng3 cxd3 17. cxd3 Nd7 18. a5 bxa5 19. Qxa5 Qc2 20. Rd1 Nc5 21. Rd2
Qxd2 22. Qxd2 Nb3 23. Qb4 Nxa1 24. Qa4 Rd6 25. Qxa1 Rc8 26. Bd2 Rc2 27. Nf1 Ba6
28. Bd1 Rc8 29. Qa3 Bf8 30. b4 e6 31. h3 Rb6 32. Ng3 Rcb8 33. Kh2 Bc8 34. e5
Ra6 35. Qc1 Rab6 36. Qa1 Bxb4 37. Bxb4 Rxb4 38. Qxa7 R4b6 39. Ne4 R8b7 40. Qa4
Kg7 41. Nf6 Re7 42. Qxd4 1-0

[Event "CAN op"]
[Site "Calgary CAN"]
[Date "2023.07.29"]
[Round "9.34"]
[White "Offengenden, Ron"]
[Black "MacLeod, Damon"]
[Result "1/2-1/2"]
[WhiteElo "1812"]
[BlackElo "1889"]
[PlyCount "77"]
[EventDate "2023.07.22"]
[EventType "swiss"]
[EventRounds "10"]
[EventCountry "CAN"]

1. e4 c5 2. c3 Nf6 3. e5 Nd5 4. d4 cxd4 5. Nf3 Nc6 6. cxd4 d6 7. Bc4 dxe5 8.
Nxe5 e6 9. O-O Be7 10. Nxc6 bxc6 11. Nc3 O-O 12. Be3 Qa5 13. Nxd5 cxd5 14. Bd3
Ba6 15. f4 Bxd3 16. Qxd3 Rab8 17. b3 Rfc8 18. f5 Qc3 19. Qe2 Bf6 20. fxe6 fxe6
21. Kh1 Re8 22. Rac1 Qb4 23. Bf4 Bxd4 24. Bxb8 Qxb8 25. Rcd1 Bf6 26. Rd3 Qd6
27. Qg4 e5 28. Rh3 e4 29. Qh5 Qe5 30. Qxh7+ Kf7 31. Rg3 Ke6 32. Qg6 Rh8 33.
Qg4+ Kd6 34. Rh3 Rxh3 35. Qxh3 e3 36. Qf3 d4 37. Qe2 Qe4 38. Rd1 Be5 39. Kg1
1/2-1/2

[Event "CAN op"]
[Site "Calgary CAN"]
[Date "2023.07.29"]
[Round "9.35"]
[White "Su, Ethan"]
[Black "Usselman, Paul"]
[Result "1-0"]
[WhiteElo "2071"]
[BlackElo "1781"]
[PlyCount "57"]
[EventDate "2023.07.22"]
[EventType "swiss"]
[EventRounds "10"]
[EventCountry "CAN"]

1. d4 d5 2. c4 c6 3. g3 e6 4. Nf3 Nf6 5. Bg2 Bb4+ 6. Nbd2 Ne4 7. O-O f5 8. a3
Be7 9. Ne5 a5 10. Nxe4 fxe4 11. f3 O-O 12. fxe4 Nd7 13. Rxf8+ Bxf8 14. Nxd7
Bxd7 15. exd5 exd5 16. cxd5 Qb6 17. Rb1 Re8 18. Qd3 c5 19. Be3 c4 20. Qc3 Qg6
21. Rf1 b5 22. Bd2 Rxe2 23. Rxf8+ Kxf8 24. Qf3+ Kg8 25. Qxe2 Qb1+ 26. Be1 b4
27. axb4 axb4 28. Bh3 Bb5 29. d6 1-0

[Event "CAN op"]
[Site "Calgary CAN"]
[Date "2023.07.29"]
[Round "9.36"]
[White "Darvekar, Yash"]
[Black "Gebhardt, David"]
[Result "1-0"]
[WhiteElo "1886"]
[BlackElo "1771"]
[PlyCount "68"]
[EventDate "2023.07.22"]
[EventType "swiss"]
[EventRounds "10"]
[EventCountry "CAN"]

1. e4 c6 2. d4 d5 3. Nc3 dxe4 4. Nxe4 Bf5 5. Ng3 Bg6 6. h4 h6 7. Nf3 Nd7 8. h5
Bh7 9. Bd3 Ngf6 10. Bxh7 Nxh7 11. Qd3 e6 12. Bd2 Bd6 13. Ne4 Qc7 14. O-O-O
O-O-O 15. g3 Nhf6 16. Nxd6+ Qxd6 17. Bf4 Qe7 18. c4 Ng4 19. Qe2 Qb4 20. Kb1
Rhe8 21. Rhe1 Qf8 22. Rd3 g6 23. hxg6 fxg6 24. Nh4 Nxf2 25. Rf3 Qg8 26. Bxh6 g5
27. Bxg5 Qxg5 28. Qxf2 Re7 29. b3 Qg7 30. Rd1 Nb6 31. a4 Red7 32. Rfd3 Rf8 33.
Qe3 Qf7 34. Ng2 Qf5 1-0

[Event "CAN op"]
[Site "Calgary CAN"]
[Date "2023.07.29"]
[Round "9.37"]
[White "Sasata, Alexander"]
[Black "Xu, Philip"]
[Result "1/2-1/2"]
[WhiteElo "1736"]
[BlackElo "1878"]
[PlyCount "59"]
[EventDate "2023.07.22"]
[EventType "swiss"]
[EventRounds "10"]
[EventCountry "CAN"]

1. d4 d5 2. c4 c6 3. Nf3 Nf6 4. Nc3 dxc4 5. a4 Bf5 6. e3 e6 7. Bxc4 Bb4 8. O-O
O-O 9. Qe2 Nbd7 10. e4 Bg4 11. e5 Nd5 12. Nxd5 cxd5 13. Bd3 Be7 14. Bd2 Re8 15.
Qe3 Bxf3 16. Qxf3 Qb6 17. Bc3 a5 18. Qh3 g6 19. Bb5 Red8 20. Rfe1 Nb8 21. Qh6
Bf8 22. Qf4 Nc6 23. h4 Rac8 24. h5 Rc7 25. h6 Rdc8 26. Re3 Nb4 27. Rf3 Qa7 28.
g4 b6 29. Kg2 Qb7 30. Kh2 1/2-1/2

[Event "CAN op"]
[Site "Calgary CAN"]
[Date "2023.07.29"]
[Round "9.38"]
[White "Ratte, Cameron"]
[Black "Lu, Aiden"]
[Result "1-0"]
[WhiteElo "1848"]
[BlackElo "1561"]
[PlyCount "155"]
[EventDate "2023.07.22"]
[EventType "swiss"]
[EventRounds "10"]
[EventCountry "CAN"]

1. e4 e5 2. Nf3 Nc6 3. d4 exd4 4. Nxd4 Nf6 5. Nxc6 bxc6 6. e5 Qe7 7. Qe2 Nd5 8.
h4 d6 9. c4 Nb6 10. exd6 Qxe2+ 11. Bxe2 cxd6 12. Nc3 Be6 13. b3 Be7 14. Be3 O-O
15. Rd1 Rfd8 16. h5 d5 17. cxd5 Nxd5 18. Nxd5 Rxd5 19. O-O a5 20. Rc1 Bd7 21.
Bf3 Re5 22. Rfd1 Be8 23. h6 Re6 24. hxg7 Kxg7 25. Rc4 Ra6 26. Rdc1 Ba3 27. R1c2
f5 28. g3 Kf8 29. Kg2 Ke7 30. Bc5+ Bxc5 31. Rxc5 Kf6 32. Re2 Rxe2 33. Bxe2 Ra7
34. Bd3 Bd7 35. Kf3 a4 36. Kf4 axb3 37. axb3 Rb7 38. Bxf5 Bxf5 39. Rxf5+ Ke6
40. Rc5 Rc7 41. Ke4 Kd6 42. Kd4 Rb7 43. Rc3 Rb4+ 44. Ke3 h5 45. f4 Kd5 46. Rd3+
Ke6 47. Kf3 Kf5 48. Rc3 Rb5 49. Re3 Rd5 50. b4 Rd4 51. Rc3 Rxb4 52. Rc5+ Kg6
53. Rxc6+ Kf5 54. Rc5+ Kg6 55. Re5 Rb3+ 56. Re3 Rb4 57. g4 hxg4+ 58. Kxg4 Kf6
59. Ra3 Rb6 60. Ra5 Rb1 61. Ra6+ Kf7 62. Kg5 Rf1 63. Kf5 Rb1 64. Ra7+ Kf8 65.
Kg5 Rg1+ 66. Kf6 Ke8 67. f5 Rb1 68. Ra8+ Kd7 69. Kf7 Rb7 70. f6 Kd6+ 71. Kg8
Rb5 72. f7 Rg5+ 73. Kf8 Kd7 74. Ra4 Rg6 75. Rd4+ Kc7 76. Ke7 Rg7 77. Rf4 Kc8
78. Kf6 1-0

[Event "CAN op"]
[Site "Calgary CAN"]
[Date "2023.07.29"]
[Round "9.39"]
[White "Wang, Patrick"]
[Black "Daniluk, Jim"]
[Result "1-0"]
[WhiteElo "1622"]
[BlackElo "1844"]
[PlyCount "39"]
[EventDate "2023.07.22"]
[EventType "swiss"]
[EventRounds "10"]
[EventCountry "CAN"]

1. e4 c5 2. Nf3 Nc6 3. d4 cxd4 4. Nxd4 Nf6 5. Nc3 e5 6. Ndb5 d6 7. Bg5 a6 8.
Na3 b5 9. Nd5 Be7 10. Bxf6 Bxf6 11. c4 O-O 12. g3 Bg5 13. b4 Be6 14. Nc2 bxc4
15. Bxc4 Rb8 16. a3 Qc8 17. h4 Nxb4 18. hxg5 Qxc4 19. Ne7+ Kh8 20. Rxh7+ 1-0